| 000 | 00515nam a2200169 4500 | ||
|---|---|---|---|
| 999 |
_c8198 _d8198 |
||
| 020 | _a0-8053-7693-3 | ||
| 050 | _aQR41.2 .B31 | ||
| 100 | _aBauman, Robert W. | ||
| 245 |
_aMicrobiology _cby Robert W. Bauman, Elizabeth Machunis-Masouka and Ian Tizard |
||
| 260 |
_aSan Francisco _bPearson Education inc. _c2006 |
||
| 300 |
_aVarious paging _bills. _eCD-Rom |
||
| 500 | _aIncludes bibl. reference and index | ||
| 650 | _aMicrobiology | ||
| 700 | _aMachunis-Masuoka, Elizabeth | ||
| 700 | _aTizard, Ian | ||
| 942 | _cBK | ||